Numbers #2 - Statistics

General Stats
  • This quiz has been taken 33 times
    31 since last reset
  • The average score is 21 of 36
Answer Stats
Picture Hint Answer % Correct
Official Languages 1
96%
Eggs in a Dozen 12
96%
Percents in a Whole 100
93%
Number of Units 7
93%
Number of Borders 14
85%
Number of Movies 7
85%
Number of Dollars 1
81%
Rank in Alphabet 7
81%
Number of Continents 7
81%
Number of "Lives" 9
81%
Number of Dimes 10
78%
Colors on the Flag 4
74%
Number of Cubes 17
70%
Number of Ships 3
70%
Hours in a Day 24
67%
Number of Sides 8
67%
Official Capitals 3
63%
Number 19
59%
Number of Beings 3
59%
Number of Pieces 6
59%
Rank in Rainbow 6
59%
Number of Pieces 120
56%
Number of Empires 12
52%
Biggest Bill 100,000,000,000,000
48%
Native Mosquito Species 0
41%
Translate (French) 8
41%
Official Capitals 0
37%
Solve 7
37%
Number of Inches 12
30%
Number of Islands 2
26%
Number of Wheels 18
22%
Rank in Alphabet 20
22%
Centimeters in an Inch 3
19%
Number of Buttons 17
15%
Number of Municipalities 212
4%
Rank in Size 67
4%
No matching quizzes found
Score Distribution
Percent of People with Each Score
Percentile by Number Answered
Your Score History
You have not taken this quiz since the last reset